| 000 | 00821nam a22002057a 4500 | ||
|---|---|---|---|
| 999 |
_c16242 _d16242 |
||
| 003 | AR-CdUCM | ||
| 008 | 190502b ||||| |||| 00| 0 spa d | ||
| 040 |
_aMUNICIPALIDAD PROVINCIAL DEL CUSCO _cBIBLIOTECA MUNICIPAL DEL CUSCO |
||
| 082 |
_a574.1 / _bS99 |
||
| 100 |
_aSzant-Gyorgyi, Albert V. _935572 |
||
| 245 | _aOxidación,fermentación,vitaminas,salud y enfermedad / | ||
| 260 |
_aMéxico : _bEdit.Atlante, _c1943. |
||
| 300 |
_a121 paginas ; _c20 cm. |
||
| 505 | _aContenido :La fundación de conferencias Abraham Flexner --Los principios de la oxidación biológica --La respiración del musculo --Sobre la fermentación y sus relación con la oxidación ... | ||
| 650 |
_aOxidación _935573 |
||
| 650 |
_aBiológica _920253 |
||
| 650 |
_aMecanismo _920805 |
||
| 942 |
_2ddc _cLIBROS |
||
| 945 |
_arjall _d2019-05-02 |
||